История России: учебное пособие для вузов
| Altres autors: | , |
|---|---|
| Sumari: | Учебное пособие представляет собой популярное изложение истории России от восточно-славянского язычества до наших дней. Вместе с лаконичными характеристиками отдельных периодов отечественной истории выделяются основные закономерности, определяющие общую логику исторического развития России — архитектонику отечественной истории. Особый акцент делается на выяснении места и роли России в общемировой истории, на характеристике особенностей ее социально-экономической организации, культурной и духовной жизни. Авторы стремятся воссоздать целостную картину истории Отечества. Это поможет читателю ориентироваться в перипетиях исторических событий, даст сведения для самостоятельных оценок и выработки собственного подхода к прошлому и настоящему России. |
| Idioma: | rus |
| Publicat: |
Москва, Академический проект, 2005
|
| Edició: | 3-е изд., испр. и доп. |
| Col·lecció: | Gaudeamus |
| Matèries: |
Иван Васильевич Грозный
> IV
> Великий князь Московский из династии Рюриковичей
> 1530-1584
> Царь всея Руси
Петр Великий
> I
> 1672-1725
> российский царь из династии Романовых (1682-1725)
> первый российский император
Елизавета Петровна
> 1709-1761/1762
> российская императрица из династии Романовых (1741-1762)
> дочь Петра I
|
| Format: | MixedMaterials Llibre |
| KOHA link: | https://koha.lib.tpu.ru/cgi-bin/koha/opac-detail.pl?biblionumber=145888 |
MARC
| LEADER | 00000nam0a2200000 4500 | ||
|---|---|---|---|
| 001 | 145888 | ||
| 005 | 20241206170111.0 | ||
| 010 | |a 5829105969 | ||
| 035 | |a (RuTPU)RU\TPU\book\158134 | ||
| 090 | |a 145888 | ||
| 100 | |a 20081023d2005 m y0rusy50 ca | ||
| 101 | 0 | |a rus | |
| 102 | |a RU | ||
| 105 | |a y j 000zd | ||
| 200 | 1 | |a История России |e учебное пособие для вузов |f под ред. А. Ф. Васильева, В. А. Потатурова | |
| 205 | |a 3-е изд., испр. и доп. | ||
| 210 | |a Москва |c Академический проект |d 2005 | ||
| 215 | |a 749 с. | ||
| 225 | 1 | |a Gaudeamus | |
| 330 | |a Учебное пособие представляет собой популярное изложение истории России от восточно-славянского язычества до наших дней. Вместе с лаконичными характеристиками отдельных периодов отечественной истории выделяются основные закономерности, определяющие общую логику исторического развития России — архитектонику отечественной истории. Особый акцент делается на выяснении места и роли России в общемировой истории, на характеристике особенностей ее социально-экономической организации, культурной и духовной жизни. Авторы стремятся воссоздать целостную картину истории Отечества. Это поможет читателю ориентироваться в перипетиях исторических событий, даст сведения для самостоятельных оценок и выработки собственного подхода к прошлому и настоящему России. | ||
| 600 | 0 | |a Иван Васильевич Грозный |d IV |c Великий князь Московский из династии Рюриковичей |f 1530-1584 |c Царь всея Руси |2 stltpush |3 (RuTPU)RU\TPU\pers\1414 | |
| 600 | 0 | |a Михаил Федорович |c первый русский царь из династии Романовых (1613-1645) |f 1596-1645 |2 stltpush |3 (RuTPU)RU\TPU\pers\10059 |9 2151 | |
| 600 | 0 | |a Алексей Михайлович |c русский царь из династии Романовых (1645-1676) |f 1629-1676 |2 stltpush |3 (RuTPU)RU\TPU\pers\10058 |9 2150 | |
| 600 | 0 | |a Петр Великий |d I |f 1672-1725 |c российский царь из династии Романовых (1682-1725) |c первый российский император |2 stltpush |3 (RuTPU)RU\TPU\pers\365 | |
| 600 | 0 | |a Елизавета Петровна |f 1709-1761/1762 |c российская императрица из династии Романовых (1741-1762) |c дочь Петра I |2 stltpush |3 (RuTPU)RU\TPU\pers\6024 | |
| 600 | 0 | |a Екатерина Великая |d II |f 1729-1796 |c российская императрица (1762-1796) |c урожденная принцесса Софья Фредерика Августа Ангальт-Цербстская |2 stltpush |3 (RuTPU)RU\TPU\pers\98 | |
| 600 | 0 | |a Павел |d I |f 1754-1801 |c российский император из династии Романовых (1796-1801) |2 stltpush |3 (RuTPU)RU\TPU\pers\358 | |
| 600 | 0 | |a Александр |d I |c российский император из династии Романовых (1801-1825) |f 1777-1825 |2 stltpush |3 (RuTPU)RU\TPU\pers\8 | |
| 600 | 1 | |a Витте |g Сергей Юльевич |c граф |c российский государственный деятель |f 1849-1915 |b С. Ю. |2 stltpush |3 (RuTPU)RU\TPU\pers\550 | |
| 600 | 1 | |a Столыпин |b П. А. |c российский государственный деятель |f 1862-1911 |g Петр Аркадьевич |2 stltpush |3 (RuTPU)RU\TPU\pers\1146 |9 518 | |
| 606 | |a Россия |x История |9 81526 | ||
| 610 | 1 | |a Древняя Русь | |
| 610 | 1 | |a Киевская Русь | |
| 610 | 1 | |a 9 век | |
| 610 | 1 | |a 10 век | |
| 610 | 1 | |a 11 век | |
| 610 | 1 | |a 12 век | |
| 610 | 1 | |a 13 век | |
| 610 | 1 | |a 14 век | |
| 610 | 1 | |a 15 век | |
| 610 | 1 | |a 16 век | |
| 610 | 1 | |a 17 век | |
| 610 | 1 | |a 18 век | |
| 610 | 1 | |a 19 век | |
| 610 | 1 | |a 20 век | |
| 610 | 1 | |a Московское государство | |
| 610 | 1 | |a Смутное время | |
| 610 | 1 | |a внешняя политика | |
| 610 | 1 | |a реформы | |
| 610 | 1 | |a Первая мировая война 1914-1918 | |
| 610 | 1 | |a Гражданская война 1918-1921 | |
| 610 | 1 | |a СССР | |
| 610 | 1 | |a социализм | |
| 610 | 1 | |a Великая Отечественная война 1941-1945 | |
| 610 | 1 | |a холодная война | |
| 610 | 1 | |a перестройка | |
| 610 | 1 | |a Российская Федерация | |
| 610 | 1 | |a учебные пособия | |
| 686 | |a Т3(2)я73 |2 rubbk | ||
| 702 | 1 | |a Васильев |b А. Ф. |4 340 | |
| 702 | 1 | |a Потатуров |b В. А. |4 340 | |
| 801 | 1 | |a RU |b 63413507 |c 20081023 |g PSBO | |
| 801 | 2 | |a RU |b 63413507 |c 20120625 |g PSBO | |
| 942 | |c BK | ||